000 00948nam a2200253Ia 4500
003 OSt
005 20221005105744.0
006 a|||||r|||| 00| 0
007 ta
008 221004b |||||||| |||| 00| 0 hin d
024 _a20216
037 _bGift, 30/06/2015,
_cTextual
040 _aCRL
_cCRL
_bhin
041 _2hin
_ahin
082 _aV2:25wM69, H6
100 _aपोदार, महाबीरप्रसाद
245 0 _aसत्य के प्रयोग अथवा आत्मकथा
246 _aSatya ke prayog athavā ātmakathā
260 _aनई दिल्ली
_bसस्ता साहित्य मंडल प्रकाशन भारत
_c1946
300 _a600पृ0
_ccm.
650 _aविश्व-इतिहास
942 _hV2:25wM69, H6
_cTEXL
_2cc
999 _c1016813
_d1016813